01049nam a2200253 a 450000100100000000500170001000800410002702000150006804000250008304100380010808200180014610000270016424000410019124501530023226000430038530000260042853400490045450000720050365000200057570000520059504900090064795201220065699900170077800002349520200930022247.0101209s1989 mx r 000 0 spa d a9686677232 aDO-SdBNPbspacBNPHU17aspaheng2Código de idioma MARC a070.41bP729e1 aPlotnik, Arthur94841710aThe elements of editing.lEspañol.10aLos elementos de la edición :buna guía moderna para editores y periodistas /cArthur Plotnik ; traducción Guadalupe Meza Staines de Gárate. aMéxico, D.F. :bPubligrafics,c1989. a194, [1] p. ;c22 cm. aTítulo original :tThe elements of editing aIncluye referencias bibliográficas y notas al pie de la páginas 4aEdición978421 aStaines de Gárate, Guadalupe Mezaetr.948418 aBNGR 001054708MOaGRbGRcCTd2010-12-09iLF1l0o070.41 P729ep23495-10r2020-06-25w2020-06-25y4ZPréstamo en sala c22991d22991